|
|
|
|
| LEADER |
01480nam a2200337 a 4500 |
| 001 |
29746 |
| 003 |
BD-DhAAL |
| 005 |
20151011020002.0 |
| 008 |
150817m20029999bg w 000 0 eng |
| 010 |
|
|
|a 2003331208
|
| 020 |
|
|
|a 98484660023 (v. 1)
|
| 020 |
|
|
|a 98484660134 (v. 2)
|
| 040 |
|
|
|a DLC
|c DLC
|d DLC
|d BD-DhAAL
|
| 042 |
|
|
|a lcode
|
| 043 |
|
|
|a a-bg---
|
| 050 |
0 |
0 |
|a KNG4606.7
|b .A45 2002
|
| 082 |
0 |
0 |
|a 345.5492
|2 22
|
| 100 |
1 |
|
|a Ali, Wasek,
|d 1943-
|9 13850
|
| 245 |
1 |
0 |
|a 100 years section-wise up-to-date criminal rulings on Criminal Procedure Code :
|c Wasek Ali.
|b new rulings ; vol-1 /
|
| 246 |
3 |
|
|a One hundred years section-wise up-to-date criminal rulings on Criminal Procedure Code
|
| 246 |
3 |
0 |
|a Section-wise up-to-date criminal rulings on Criminal Procedure Code
|
| 246 |
3 |
0 |
|a Criminal rulings on Criminal Procedure Code
|
| 250 |
|
|
|a 1st ed.
|
| 260 |
|
|
|a Dhaka :
|b New Warsi Book Corp.,
|c 2002-<2008>
|
| 300 |
|
|
|a 512 p. ;
|c 26 cm.
|
| 541 |
|
|
|e 29746
|
| 650 |
|
0 |
|a Criminal procedure
|z Bangladesh
|v Digests.
|9 13854
|
| 942 |
|
|
|2 ddc
|c BK
|0 1
|
| 999 |
|
|
|c 35255
|d 35255
|
| 952 |
|
|
|0 0
|1 0
|2 ddc
|4 0
|6 345_549200000000000_ALI
|7 0
|9 55296
|a BRACUL
|b BRACUL
|c GEN
|d 2015-08-17
|e Karim International
|g 600.00
|l 3
|m 49
|o 345.5492 ALI
|p 3010029746
|r 2025-03-13
|s 2025-02-09
|t 1
|w 2015-08-17
|y BK
|
| 952 |
|
|
|0 0
|1 0
|2 ddc
|4 0
|6 345_549200000000000_ALI
|7 0
|9 55297
|a BRACUL
|b BRACUL
|c GEN
|d 2015-08-17
|e Karim International
|g 600.00
|l 4
|m 21
|o 345.5492 ALI
|p 3010029747
|r 2025-12-21
|s 2025-12-11
|t 2
|w 2015-08-17
|y BK
|